Management :an introduction / (Record no. 10085)

MARC details
000 -LEADER
fixed length control field 01744cam a2200313 a 4500
001 - CONTROL NUMBER
control field 14958775
003 - CONTROL NUMBER IDENTIFIER
control field OSt
005 - DATE AND TIME OF LATEST TRANSACTION
control field 20231006112426.0
008 - FIXED-LENGTH DATA ELEMENTS--GENERAL INFORMATION
fixed length control field 070809s2008 enka b 001 0 eng
010 ## - LIBRARY OF CONGRESS CONTROL NUMBER
LC control number 2007032613
020 ## - INTERNATIONAL STANDARD BOOK NUMBER
International Standard Book Number 9780273711063 (pbk.)
020 ## - INTERNATIONAL STANDARD BOOK NUMBER
International Standard Book Number 0273711067 (pbk.)
035 ## - SYSTEM CONTROL NUMBER
System control number (OCoLC)ocn163625310
035 ## - SYSTEM CONTROL NUMBER
System control number (OCoLC)163625310
040 ## - CATALOGING SOURCE
Original cataloging agency DLC
Transcribing agency DLC
Modifying agency YDX
-- YDXCP
-- BWK
-- NLGGC
-- BTCTA
-- DLC
050 00 - LIBRARY OF CONGRESS CALL NUMBER
Classification number HD31.B583(4e)
100 1# - MAIN ENTRY--PERSONAL NAME
Personal name Boddy, David.
9 (RLIN) 2489
245 10 - TITLE STATEMENT
Title Management :an introduction /
Statement of responsibility, etc. David Boddy.
250 ## - EDITION STATEMENT
Edition statement 4th ed.
260 ## - PUBLICATION, DISTRIBUTION, ETC.
Place of publication, distribution, etc. Harlow :
Name of publisher, distributor, etc. FT Prentice Hall,
Date of publication, distribution, etc. 2008.
300 ## - PHYSICAL DESCRIPTION
Extent xxiii, 728 p. :
Other physical details col. ill., ports. ;
Dimensions 27 cm.
504 ## - BIBLIOGRAPHY, ETC. NOTE
Bibliography, etc. note Includes bibliographical references and index.
505 ## - FORMATTED CONTENTS NOTE
Formatted contents note Contents: Part 1: An introduction to management: Managing in organisations -- Models of management -- Part 2: The environment of management: Organisation cultures and contexts -- Managing internationally -- Corporate responsibility -- Part 3: Planning: Decision making -- Strategic management -- Managing marketing -- Part 4: Organising: Organisational structure -- Human resource management -- Information technology and e-business -- Managing change and innovation -- Part 5: Leading: Influence and power -- Motivation -- Communication -- Teams -- Part 6: Controlling: Performance measurement and control -- Finance and budgetary control -- Managing operations and quality. <br/>
650 #0 - SUBJECT ADDED ENTRY--TOPICAL TERM
Topical term or geographic name entry element Management.
9 (RLIN) 1150
856 41 - ELECTRONIC LOCATION AND ACCESS
Materials specified Table of contents only
Uniform Resource Identifier <a href="http://www.loc.gov/catdir/toc/ecip0724/2007032613.html">http://www.loc.gov/catdir/toc/ecip0724/2007032613.html</a>
906 ## - LOCAL DATA ELEMENT F, LDF (RLIN)
a 7
b cbc
c orignew
d 1
e ecip
f 20
g y-gencatlg
942 ## - ADDED ENTRY ELEMENTS (KOHA)
Source of classification or shelving scheme Library of Congress Classification
Koha item type Books
Holdings
Withdrawn status Lost status Source of classification or shelving scheme Damaged status Not for loan Home library Current library Shelving location Date acquired Total Checkouts Full call number Barcode Date last seen Copy number Price effective from Koha item type
    Dewey Decimal Classification     WISCONSIN INTERNATIONAL UNIVERSITY COLLEGE, GHANA - MAIN LIBRARY WISCONSIN INTERNATIONAL UNIVERSITY COLLEGE, GHANA - MAIN LIBRARY General Stacks 05/10/2023   HD31.B583(4e) 9516/217/23 05/10/2023 1 05/10/2023 Books
    Library of Congress Classification     WISCONSIN INTERNATIONAL UNIVERSITY COLLEGE, GHANA - MAIN LIBRARY WISCONSIN INTERNATIONAL UNIVERSITY COLLEGE, GHANA - MAIN LIBRARY General Stacks 05/10/2023   HD31.B5831(4e) 9517/218/23 05/10/2023 2 05/10/2023 Books

If you have any concerns or questions; kindly contact the library


© Powered by WIUC ICT DIRECTORATE